000 00601nam a22001577a 4500
008 150522b xxu||||| |||| 00| 0 eng d
020 _a0714539643
082 _a792
_bB 114a
100 _aBablet, Denis; Bablet, Marie-Louise
_92742
245 _aAdolphe Appia 1862-1928
_bactor-space-light
_cBablet, Denis; Bablet, Marie-Louise
260 _aNew York
_bLondon/Riverrun Press
_c1982
300 _a94 p.
_bill.
_c20x18 cm
600 _aAppia, Adolphe
_d1862-1928
_xExhibiciones
_92743
650 _xTeatro
_xDiseƱo de escena
_xRepresentaciones teatrales
_92744
700 _aDenis Bablet, Marie-Louise Bablet
_92745
999 _c613
_d613